000
00330nam a2200133Ia 4500
005
20251222143137.0
008
251222s9999||||xx |||||||||||||| ||spa||
020
_a
978-612-4265-36-5
082
_a
657.3/H66
245
0
_a
Estados financieros conforme a NIIF
250
_a
1a.ed.
264
_b
Instituto PacĂfico,
942
_c
LIB
999
_c
12172
_d
12172